| 000 | 00655nam a2200193 i 4500 | ||
|---|---|---|---|
| 001 | 56125 | ||
| 003 | ES-MaACL | ||
| 005 | 20230906163304.0 | ||
| 007 | t| | ||
| 008 | 031003s1971 sp ||||1| spa d | ||
| 100 | 1 |
_aDíaz-Plaja, Guillermo, _d1909-1984 _9162428 |
|
| 245 | 1 | 3 |
_aLa cultura como noticia _b: política, tiempo, rostros, literatura, máscaras, formas, mapas : 1969-1970 / _cGuillermo Díaz-Plaja. |
| 260 |
_a[Barcelona] : _bDopesa, _c[1971] |
||
| 300 |
_a285 p. ; _c18 cm. |
||
| 490 | 1 |
_aDocumento periodístico ; _v25 |
|
| 830 | 0 |
_aDocumento periodístico ; _v25 _9182572 |
|
| 852 |
_aES-MaACL _jC-40304 _bR.78493 |
||
| 999 |
_c56125 _d56125 |
||